00421cam a2200169ua 450000100060000000800390000602000180004504000090006304100080007208200110008010000210009124500280011225000120014026000450015230000100019765300440020710407190128n ii |||gr||||Z||||||eng a9789380626871 cMAIN aeng a155.25 aSN Roy,eAuthor. aPersonality development a1st ed. aJaipur:bPrateeksha publications,c2014. a224p. aDifferential & developmental psychology